00949nam a22002414a 450000500170000001000140001702000260003103500130005703700130007008200110008310000320009424500730012625000120019926001120021127001120032330000260043550000400046165000280050170000100052994200250053999900170056495201260058120100811103246.0 aENG-99498 c160.00a9788190848060 aEN-83030 bDBAD/PUB a954.02 aT. Selvamuthukumaran910752 aAspects of thiruvarur in medieval history /cby T. Selvamuthukumaran a2nd ed. aMayiladuthurai bPuthagacholai Publishersc2009 a48, Mahathana Street, e609001bMayiladuthurai  a127 p. c22 cm (Pbk)  aIncludes bibliographical references aMedieval history910753 910698 2ddccENmTSEh954.02 c40919d40919 001040718NFICaDBADbDBADd2010-08-11g160.00l0o954.02 TSEpEN-83030r2010-08-11 00:00:00t1v160.00w2010-08-11yEN